| 000 | 00546nam a2200181Ia 4500 | ||
|---|---|---|---|
| 003 | GCL | ||
| 008 | 140319s9999 xx 000 0 ara d | ||
| 040 |
_aGCL / _cGCL |
||
| 082 | 0 | 4 |
_aق _b926.1 _bص ا |
| 100 | 1 | _aصلاح جلال | |
| 245 | 1 | 0 |
_aاطباء مصر كما عرفتهم / _cصلاح جلال |
| 260 |
_aالقاهرة : _bمركز الاهرام للترجمة والنشر ، _c1989 |
||
| 300 |
_a183 ص ؛ _c19 سم |
||
| 490 | _a | ||
| 650 | 0 | 4 | _aالتراجم الذاتية |
| 650 | 0 | 4 | _aالاطباء |
| 942 |
_2ddc _cBK |
||
| 999 |
_c28853 _d28853 |
||